Central Library and Information Centre
Sibsagar Girls' College, Sivasagar : Assam

UCHATTAR MADHYAMIK ARTHA BIGYAN (Vol-1) (Record no. 10328)

MARC details
000 -LEADER
fixed length control field 00477cam a2200193ua 4500
008 - FIXED-LENGTH DATA ELEMENTS--GENERAL INFORMATION
fixed length control field 160305n II |||gr||||Z||||||asm
040 ## - CATALOGING SOURCE
Original cataloging agency MAIN
041 ## - LANGUAGE CODE
-- English
082 ## - DEWEY DECIMAL CLASSIFICATION NUMBER
Classification number 330 DHA
100 ## - MAIN ENTRY--PERSONAL NAME
Personal name DHAR, DR. P.K.
245 ## - TITLE STATEMENT
Title UCHATTAR MADHYAMIK ARTHA BIGYAN (Vol-1)
250 ## - EDITION STATEMENT
Edition statement 7th--2005.
260 ## - PUBLICATION, DISTRIBUTION, ETC.
Place of publication, distribution, etc. NEW DELHI:
Name of publisher, distributor, etc. KALYANI PUBLISHERS,
Date of publication, distribution, etc. 2005.
300 ## - PHYSICAL DESCRIPTION
Extent 424:
Dimensions 20CM.
700 ## - ADDED ENTRY--PERSONAL NAME
Personal name DHAR, DR. P.K.,
Relator term Author.
942 ## - ADDED ENTRY ELEMENTS (KOHA)
Koha item type Books
653 ## - INDEX TERM--UNCONTROLLED
Uncontrolled term Economics
Holdings
Withdrawn status Lost status Damaged status Not for loan Collection code Home library Current library Shelving location Date acquired Full call number Barcode Date last seen Copy number Price effective from Koha item type
Withdrawn       TBECO Central Library and Information Centre Sibsagar Girls College Central Library and Information Centre Sibsagar Girls College Economics Rack 04.02.1984 330 DHA 08998 27.02.2020 1 27.02.2020 Books


Sibsagar Girl's College © 2020. All rights reserved.
Powered by Koha.
Maintained by Abhijit Borpuzari.